Med / Cezir : (Kayıt no. 10331)

MARC ayrıntıları
000 -BAŞLIK
Sabit Uzunluktaki Kontrol Alanı 00729nam a22002417a 4500
003 - KONTROL NUMARASI KİMLİĞİ
Kontrol Alanı KOHA_MİRAKIL
005 - EN SON İŞLEM TARİHİ ve ZAMANI
Kontrol Alanı 20260428091118.0
008 - SABİT UZUNLUKTAKİ VERİ ÖGELERİ - GENEL BİLGİ
Sabit Alan 260421b tu ||||| |||| 00| 0 tur d
020 ## - ISBN - ULUSLARARASI STANDART KİTAP NUMARASI
Isbn 9789755845890
040 ## - KATALOGLAMA KAYNAĞI
Özgün Kataloglama Kurumu TR-AnABB
Kataloglama Dili tur
Çeviri Kurumu TR-AnABB
041 ## - DİL KODU
Metin ya da ses kaydının dil kodu tur
082 ## - DEWEY ONU SINIFLAMA SİSTEMİ
Sınıflama Numarası 813.42
Cutter numarası ERG 2025
100 1# - KİŞİ ADI
Yazar Adı (Kişi adı) Ergen, Melih
245 10 - ESER ADI BİLDİRİMİ
Başlık Med / Cezir :
Alt Eseradı vb. geldim / gidiyorum /
Sorumluluk Bildirimi Melih Ergen
250 ## - BASIM BİLDİRİMİ
Basım Bildirimi 3. baskı
260 ## - YAYIN, DAĞITIM, VB.
Yayın Yeri Konya :
Yayınevi Öteki yayınevi,
Yayın Tarihi 2025
300 ## - FİZİKSEL TANIMLAMA
Sayfa, Cilt vb. 415 sayfa ;
Boyutları 20 cm
490 0# - DİZİ BİLDİRİMİ
Dizi Bildirimi Öteki yayınevi ;
Cilt Numarası 48856
500 ## - GENEL NOT
Genel Not Yazar tarafından Prof. Dr. Ruşen Keleş için imzalanmıştır.
650 04 - KONU BAŞLIĞI EK GİRİŞ - KONU TERİMİ
Konusal terim veya coğrafi ad Türk edebiyatı, roman
900 ## - YEREL BİLGİ
Kontrol Can ÇELIK
942 ## - EK GİRİŞ ÖGELERİ (KOHA)
Sınıflama Kaynağı Dewey Decimal Classification
Materyal Türü Kitap
Mevcut
Geri Çekilme Durumu Kayıp Durumu Sınıflandırma Kaynağı Kredi için değil Kalıcı Konum Mevcut Konum Kayıt Tarih Toplam Ödünçverme Yer Numarası Demirbaş Numarası Son Görülme Tarihi Fatura Tarihi Materyal Türü
    Dewey Decimal Classification   Prof. Dr. Ruşen Keleş Kütüphanesi Prof. Dr. Ruşen Keleş Kütüphanesi 21/04/2026   813.42 ERG 2025 RK7237 21/04/2026 21/04/2026 Kitap